000 00474nam a22001697a 4500
005 20251108164656.0
008 250721s9999 xx 000 0 ara d
082 1 4 _a811.08/أمي
100 1 _aناصيف، إميل
245 1 0 _aأروع ما قيل في الوطنيات /
264 1 _aبيروت :
_bدار الجيل،
_c[19-].
300 _a150 ص
650 1 7 _aالشعر الوطني
650 1 7 _aالشعر العربي
942 _2ddc
_cBK
999 _c11547
_d11547